The Blackwell encyclopedia of management. Management information systems
Αποθηκεύτηκε σε:
| Συγγραφή απο Οργανισμό/Αρχή: | |
|---|---|
| Άλλοι συγγραφείς: | |
| Μορφή: | Βιβλίο |
| Γλώσσα: | English |
| Δημοσίευση: |
Malden, MA :
Blackwell Pub.,
c2005
|
| Έκδοση: | 2nd ed. |
| Σειρά: | Blackwell encyclopedia of management ;
; 7 |
| Θέματα: | |
| Ετικέτες: |
Προσθήκη ετικέτας
Δεν υπάρχουν, Καταχωρήστε ετικέτα πρώτοι!
|
MARC
| LEADER | 00000nam a2200000 i 4500 | ||
|---|---|---|---|
| 001 | 1/89187 | ||
| 008 | 080619r2005 eng d | ||
| 020 | |a 1-4051-0065-6 (set) | ||
| 020 | |a 0-631-23317-2 | ||
| 035 | |l 10098304 | ||
| 040 | |a GR-MY-UA |b gre |e aacr | ||
| 041 | 0 | |a eng | |
| 082 | 0 | |a 658.003 |2 (22) | |
| 110 | 2 | |a Blackwell Publishing Ltd. | |
| 245 | 1 | 4 | |a The Blackwell encyclopedia of management. Management information systems / |c edited by Gordon B. Davis |
| 250 | |a 2nd ed. | ||
| 260 | |a Malden, MA : |b Blackwell Pub., |c c2005 | ||
| 300 | |a xii, 375 σ.; |c 26 εκ. | ||
| 490 | 1 | |a Blackwell encyclopedia of management |v ; 7 | |
| 500 | |a Rev. ed. of: The Blackwell encyclopedic dictionary of management information systems / edited by Gordon B. Davis. c1999 | ||
| 504 | |a Περιλαμβάνει βιβλιογραφικές παραπομπές και ευρετήριο | ||
| 650 | 0 | 0 | |a Management information systems |x Dictionaries. |
| 700 | 1 | |a Davis, Gordon Bitter. |4 edt | |
| 740 | 0 | 2 | |a Management information systems |
| 830 | 0 | |a Blackwell encyclopedia of management ; |v ; 7 | |
| 852 | |a INST |b CHIOS |e 20080619 |h 658.003 BLA |p 005200027231 |q 005200027231 |t REF |y 23 | ||
| 901 | |a BIBL2-2008-2 | ||
| 909 | |a Χ |b 152751 | ||
| 922 | |a 2ΕΛΗ |b 200803 |c ΕΠΕΑΕΚ2/ΚΥΒ |d ΕΛΕΥΘΕΡΟΥΔΑΚΗΣ | ||
| 970 | |a ΒΑΣΙΛΑΚΗ |b ΝΙΚΗ |z 2008/06/19 | ||